00514nam a2200145 a 450000100100000000500170001000800410002704000250006808200140009324500310010726000660013830000340020495201130023899900170035100001370420200929163322.0091127s19uu dr ac 000 0 spa d aDO-SdBNPbspacBNPHU axxxxbxxx00aLa Republique Dominicaine. a[Ciudad Trujillo, República Dominicana] :b[s.d.],c{19uu]. a35 p. :bil., retr. ;c32 cm. 00107-18PDaPDbPDcOId2009-11-27iLF1l0oxxxx xxxp13704-10r2020-06-25w2020-06-25yLFPDZNo se presta c13317d13317